000 01701nam a2200505 i 4500
001 51648
003 KOSZ 005
005 20200817085728.0
008 021119s2002 pl a f |000 0 pol
015 _aPB 2002/19436
020 _a8385805788
035 _a991019771209705066
035 _a(PL-WaBN)b15358999-48omnis_nlop
035 _ab15358999
035 _a(OCoLC)749324470
035 _a(PL)b0000001535899
035 _a(EXLNZ-48OMNIS_NETWORK)9910379931405606
040 _aWA N
_cWA N
_dKOSZ 005/HR
041 0 _apol
_beng
046 _k2002
080 _a628.3
080 _a633.2
100 1 _aKalisz, Liliana
_eAutor
245 1 0 _aOdwadnianie osadów ściekowych na poletkach z trzciną :
_bmonografia /
_cLiliana Kalisz, Jadwiga Sałbut, Aleksandra Nechay ; Instytut Ochrony Środowiska.
260 _aWarszawa :
_bDział Wydawnictw IOŚ,
_c2002.
300 _a103 s. :
_bil. ;
_c24 cm.
336 _2rdacontent
_aTekst
_btxt
337 _2rdamedia
_aBez urządzenia pośredniczącego
_bn
338 _2rdacarrier
_aWolumin
_bnc
380 _aKsiążki
380 _aPublikacje naukowe
388 _a2001-
504 _aBibliogr.
546 _aStreszcz. ang.
650 7 _aOsady ściekowe
650 7 _aTrzcina
_2DBN
658 _aInżynieria i technika
650 7 _aBiologiczna oczyszczalnia ścieków
_2DBN
700 1 _aNechay, Aleksandra
_eAutor
700 1 _aSałbut, Jadwiga
_eAutor
710 2 _aInstytut Ochrony Środowiska
856 _uhttp://koha.tu.koszalin.pl/cgi-bin/koha/opac-detail.pl?biblionumber=51648
_yKatalog online BPK
942 _2UKD
_cKS
999 _c51648
_d51648